[Event "4NCL Division 4 South"]
[Site "Reading, ENG"]
[Date "2017.03.18"]
[Round "7.21"]
[White "Head, Louise"]
[Black "Rawlinson, Aidan M"]
[Result "1/2-1/2"]
[WhiteElo "2018"]
[BlackElo "2196"]
[PlyCount "56"]
[EventDate "2017.03.18"]
[WhiteTeam "CSC Rhinos (2)"]
[BlackTeam "Oxford 2"]

1. d4 g6 2. c4 Bg7 3. Nf3 Nf6 4. Nc3 O-O 5. e4 d6 6. h3 e5 7. d5 Ne8 8. Be2 f5
9. Bg5 Nf6 10. Nd2 h6 11. Bh4 c6 12. g4 cxd5 13. cxd5 fxe4 14. Ndxe4 Na6 15.
Qc2 g5 16. Bg3 Nxe4 17. Qxe4 Nc5 18. Qc2 Bd7 19. h4 Rc8 20. hxg5 Qxg5 21. Rh5
Qf6 22. Qd2 Be8 23. Rh2 e4 24. Rc1 Bg6 25. Bh4 Qe5 26. Bg3 Qf6 27. Bh4 Qe5 28.
Bg3 Qf6 1/2-1/2

[Event "4NCL Division 4 South"]
[Site "Reading, ENG"]
[Date "2017.03.18"]
[Round "7.22"]
[White "Healey, Michael W"]
[Black "Foley, John P"]
[Result "0-1"]
[WhiteElo "2179"]
[BlackElo "1946"]
[PlyCount "88"]
[EventDate "2017.03.18"]
[WhiteTeam "Oxford 2"]
[BlackTeam "CSC Rhinos (2)"]

1. e4 c6 2. Nc3 d5 3. Nf3 Bg4 4. h3 Bxf3 5. Qxf3 e6 6. Qg3 Nf6 7. e5 Nfd7 8.
Be2 a6 9. O-O c5 10. f4 g6 11. f5 gxf5 12. d3 Nc6 13. Bh5 Ndxe5 14. Bf4 Ng6 15.
Rae1 Be7 16. Bxg6 hxg6 17. Qf2 Bf6 18. Kh1 b6 19. Qf3 Kf8 20. Na4 Kg7 21. a3
Rc8 22. c3 Re8 23. Bh2 Na5 24. b4 cxb4 25. axb4 Nb7 26. d4 Nd6 27. Bxd6 Qxd6
28. Qd3 Ra8 29. Rb1 Rec8 30. Rfd1 Bd8 31. Kg1 Bc7 32. Qf3 Rh8 33. Nb2 Rh4 34.
Nd3 Rah8 35. Ra1 Qh2+ 36. Kf1 a5 37. bxa5 bxa5 38. Rab1 Re4 39. Kf2 Bg3+ 40.
Qxg3 Re2+ 41. Kxe2 Qxg3 42. Kf1 Rc8 43. Ne5 Rxc3 44. Rb7 Rc2 0-1

[Event "4NCL Division 4 South"]
[Site "Reading, ENG"]
[Date "2017.03.18"]
[Round "7.23"]
[White "Fowler, David"]
[Black "Truran, Michael C"]
[Result "0-1"]
[WhiteElo "1898"]
[BlackElo "2183"]
[PlyCount "96"]
[EventDate "2017.03.18"]
[WhiteTeam "CSC Rhinos (2)"]
[BlackTeam "Oxford 2"]

1. d4 Nf6 2. c4 c5 3. d5 e5 4. Nc3 d6 5. e4 Be7 6. Nf3 O-O 7. h3 a6 8. Bd3 Ne8
9. g4 Nd7 10. Be3 g6 11. Qd2 Ng7 12. Bh6 Nf6 13. O-O-O Qa5 14. Ng5 b5 15. cxb5
axb5 16. Bxb5 Ba6 17. Bxa6 Qxa6 18. f3 Qc4 19. Kb1 Rfb8 20. Qd3 Qb4 21. Rd2 c4
22. Qc2 Bd8 23. h4 Ba5 24. Ka1 Nd7 25. a3 Qb3 26. Qxb3 Rxb3 27. Rc2 Bxc3 28.
Rxc3 Raxa3+ 29. bxa3 Rxc3 30. Kb2 Rb3+ 31. Kc2 Nc5 32. h5 f6 33. Bxg7 fxg5 34.
Bf6 Rxf3 35. Bxg5 Rf2+ 36. Kb1 Nxe4 37. Bh6 Nc3+ 38. Kc1 Ra2 39. Rh3 Rxa3 40.
Kb2 Ra2+ 41. Kc1 Nxd5 42. Rf3 Nf4 43. Bxf4 exf4 44. Rxf4 gxh5 45. Rxc4 h4 46.
Rc3 Rg2 47. Rd3 Kf7 48. Rxd6 h3 0-1

[Event "4NCL Division 4 South"]
[Site "Reading, ENG"]
[Date "2017.03.18"]
[Round "7.24"]
[White "Matta, Francesca"]
[Black "Lees, Fraser A"]
[Result "1-0"]
[WhiteElo "1950"]
[BlackElo "1865"]
[PlyCount "69"]
[EventDate "2017.03.18"]
[WhiteTeam "Oxford 2"]
[BlackTeam "CSC Rhinos (2)"]

1. d4 Nf6 2. c4 g6 3. Nc3 Bg7 4. e4 d6 5. Nf3 O-O 6. Be2 e5 7. d5 Nbd7 8. Bg5
a6 9. O-O h6 10. Bh4 Qe8 11. Nd2 Nh7 12. f3 f5 13. b4 g5 14. Bf2 f4 15. c5 Ndf6
16. Nc4 Qg6 17. cxd6 g4 18. dxc7 g3 19. d6 Qg5 20. Nb6 Bh3 21. gxh3 gxf2+ 22.
Kh1 Qh4 23. d7 Nh5 24. Rxf2 Qxf2 25. Nxa8 Ng5 26. d8=Q Nxh3 27. c8=Q Ng3+ 28.
hxg3 Qxg3 29. Q1d5+ Kh7 30. Qf5+ Rxf5 31. Q8g8+ Kg6 32. exf5+ Kh5 33. Ne4 Nf2+
34. Nxf2 Qxf2 35. Qdf7+ 1-0

[Event "4NCL Division 4 South"]
[Site "Reading, ENG"]
[Date "2017.03.18"]
[Round "7.25"]
[White "Homolka, Vincent"]
[Black "De Vogelaere, Robin"]
[Result "0-1"]
[WhiteElo "1779"]
[BlackElo "1962"]
[PlyCount "100"]
[EventDate "2017.03.18"]
[WhiteTeam "CSC Rhinos (2)"]
[BlackTeam "Oxford 2"]

1. e4 d6 2. g3 g6 3. Bg2 Bg7 4. d4 c5 5. c3 Qa5 6. Ne2 cxd4 7. Nxd4 Nc6 8. Be3
Bd7 9. O-O Nf6 10. h3 O-O 11. Na3 a6 12. Nc4 Qc7 13. Nxc6 Bxc6 14. Nb6 Rab8 15.
Nd5 Nxd5 16. exd5 Bd7 17. Bd4 e5 18. dxe6 fxe6 19. Bxg7 Kxg7 20. Qd4+ e5 21.
Qd2 Rbd8 22. Rad1 Be6 23. b3 d5 24. Rfe1 Rfe8 25. Re3 e4 26. Qd4+ Kg8 27. Qd2
b5 28. Qe2 Qc8 29. Kh2 Bf7 30. Rd4 Rd7 31. Qd2 Rc7 32. Qe1 Kf8 33. f3 exf3 34.
Rxe8+ Qxe8 35. Qxe8+ Kxe8 36. Bxf3 Rxc3 37. Bxd5 Bxd5 38. Rxd5 Rc2+ 39. Kg1
Rxa2 40. Rd6 Ra3 41. Kg2 b4 42. Rb6 a5 43. Rb5 Kd7 44. g4 Kc6 45. Re5 Rxb3 46.
Rxa5 Re3 47. Ra8 Re7 48. Kf2 b3 49. Ra1 Kb5 50. Rc1 Kb4 0-1

[Event "4NCL Division 4 South"]
[Site "Reading, ENG"]
[Date "2017.03.18"]
[Round "7.26"]
[White "Burrows, Nick"]
[Black "Grey, Nicholas D"]
[Result "1-0"]
[WhiteElo "1881"]
[BlackElo "1734"]
[PlyCount "67"]
[EventDate "2017.03.18"]
[WhiteTeam "Oxford 2"]
[BlackTeam "CSC Rhinos (2)"]

1. e4 d6 2. d4 Nf6 3. Nc3 g6 4. Be3 c6 5. Qd2 Nbd7 6. h4 h5 7. Nh3 Bg7 8. O-O-O
Qc7 9. Ng5 Nb6 10. Be2 Nh7 11. f3 f6 12. Nh3 Bxh3 13. Rxh3 O-O-O 14. g4 e5 15.
d5 Kb8 16. gxh5 gxh5 17. Rg3 Qf7 18. f4 Bh6 19. f5 Bxe3 20. Qxe3 Nf8 21. dxc6
bxc6 22. Rdg1 Qh7 23. Rg7 Qh6 24. Qxh6 Rxh6 25. Rf7 Nfd7 26. Rgg7 Rhh8 27. Na4
Nxa4 28. Rxd7 Rxd7 29. Rxd7 Nc5 30. Rxd6 Nxe4 31. Rxc6 Rg8 32. b4 Rg1+ 33. Kb2
Ng3 34. Ba6 1-0

[Event "4NCL Division 4 South"]
[Site "Reading, ENG"]
[Date "2017.03.19"]
[Round "8.11"]
[White "Hansen, Hans-Peter"]
[Black "Villiers, Thomas"]
[Result "1-0"]
[WhiteElo "2263"]
[BlackElo "2245"]
[PlyCount "147"]
[EventDate "2017.03.19"]
[WhiteTeam "Oxford 2"]
[BlackTeam "Barnet Knights 1"]

1. c4 c5 2. Nf3 g6 3. d4 cxd4 4. Nxd4 b6 5. Nc3 Bg7 6. e4 Nc6 7. Be3 Nf6 8. Be2
Bb7 9. f3 d6 10. O-O O-O 11. Qd2 Rc8 12. Rac1 Re8 13. Rfd1 Qc7 14. b3 Qb8 15.
Bf1 Qa8 16. Ndb5 Red8 17. Qf2 Nd7 18. Nd5 Nf6 19. Bg5 Ba6 20. Nbc3 Nxd5 21.
exd5 h6 22. Bh4 Ne5 23. Bxe7 Rd7 24. Bh4 Re8 25. Qd2 g5 26. Bf2 Qd8 27. a4 Qf6
28. Ne2 Rde7 29. Nd4 Bc8 30. Nc6 Nxc6 31. dxc6 Rc7 32. Qxd6 Rxc6 33. Qxf6 Bxf6
34. c5 Rd8 35. cxb6 Rxd1 36. Rxd1 axb6 37. Bb5 Re6 38. Bc4 Rc6 39. Bd5 Rc2 40.
Bxb6 Ba6 41. Be3 Be7 42. Rc1 Re2 43. Bf2 Rd2 44. Bc4 Bxc4 45. bxc4 Ra2 46. c5
Rxa4 47. c6 Ra8 48. c7 Rc8 49. Rc6 h5 50. Bb6 f6 51. Kf2 Kf7 52. Ke3 Ke8 53.
Ke4 Kd7 54. Kd5 h4 55. h3 f5 56. Bd4 g4 57. Be5 gxf3 58. gxf3 Ra8 59. c8=Q+
Rxc8 60. Rxc8 Kxc8 61. Ke6 Bb4 62. Kxf5 Kd7 63. Bf6 Ke8 64. Bxh4 Kf7 65. Bf6
Bd2 66. h4 Bh6 67. h5 Bd2 68. Bd4 Bh6 69. Be5 Bf8 70. Bf4 Bg7 71. h6 Bf8 72. h7
Kg7 73. Bh6+ Kxh6 74. h8=Q# 1-0

[Event "4NCL Division 4 South"]
[Site "Reading, ENG"]
[Date "2017.03.19"]
[Round "8.12"]
[White "Willmoth, Robert F"]
[Black "Healey, Michael W"]
[Result "1/2-1/2"]
[WhiteElo "2282"]
[BlackElo "2179"]
[PlyCount "65"]
[EventDate "2017.03.19"]
[WhiteTeam "Barnet Knights 1"]
[BlackTeam "Oxford 2"]

1. Nf3 Nf6 2. g3 b5 3. Bg2 Bb7 4. O-O e6 5. d4 c5 6. c3 Be7 7. Nbd2 cxd4 8.
cxd4 O-O 9. Re1 d5 10. Nb3 a5 11. Bg5 Ne4 12. Bxe7 Qxe7 13. Rc1 a4 14. Nc5 Na6
15. Nxb7 Qxb7 16. Nd2 Rfd8 17. e3 Rac8 18. Rxc8 Rxc8 19. Nxe4 dxe4 20. Qb1 f5
21. Rc1 Nb4 22. Bf1 Rc6 23. a3 Nd5 24. Rc5 Rxc5 25. dxc5 Nc7 26. b3 axb3 27.
Qxb3 Qc6 28. Qb4 Kf7 29. Kg2 e5 30. Qb3+ Qe6 31. Qb4 Qc6 32. Qb3+ Qe6 33. Qb4
1/2-1/2

[Event "4NCL Division 4 South"]
[Site "Reading, ENG"]
[Date "2017.03.19"]
[Round "8.13"]
[White "Rawlinson, Aidan M"]
[Black "Brozel, Sacha"]
[Result "1/2-1/2"]
[WhiteElo "2196"]
[BlackElo "2132"]
[PlyCount "65"]
[EventDate "2017.03.19"]
[WhiteTeam "Oxford 2"]
[BlackTeam "Barnet Knights 1"]

1. d4 Nf6 2. c4 e6 3. g3 Bb4+ 4. Bd2 c5 5. Bxb4 cxb4 6. Bg2 O-O 7. e4 d6 8. Ne2
e5 9. O-O a5 10. a3 Na6 11. axb4 Nxb4 12. h3 Qc7 13. Na3 Bd7 14. Nc3 Rfd8 15.
Qd2 Rac8 16. Rfd1 Bc6 17. b3 b6 18. Kh2 Qb7 19. f3 Na6 20. h4 Bd7 21. Bh3 Bxh3
22. Kxh3 Qb8 23. Rab1 Nd7 24. Nd5 Re8 25. Nb5 h6 26. Rb2 Nf8 27. Qf2 Rc6 28. g4
Ne6 29. dxe5 dxe5 30. Rbd2 Nac5 31. Qe3 Kh8 32. Kg3 Nd4 33. Rb2 1/2-1/2

[Event "4NCL Division 4 South"]
[Site "Reading, ENG"]
[Date "2017.03.19"]
[Round "8.14"]
[White "Ethelontis, Alexandros N"]
[Black "Matta, Francesca"]
[Result "1/2-1/2"]
[WhiteElo "2140"]
[BlackElo "1950"]
[PlyCount "128"]
[EventDate "2017.03.19"]
[WhiteTeam "Barnet Knights 1"]
[BlackTeam "Oxford 2"]

1. c4 e5 2. g3 Nc6 3. Nc3 g6 4. Bg2 Bg7 5. Rb1 a5 6. d3 d6 7. e3 f5 8. Nge2 Nf6
9. O-O O-O 10. a3 Be6 11. Nd5 Rb8 12. b4 axb4 13. axb4 Ne7 14. Nxf6+ Bxf6 15.
Qc2 c6 16. Bb2 b5 17. Ba1 Qd7 18. Rfc1 Rfc8 19. f4 c5 20. bxc5 Rxc5 21. Qd2 Qa7
22. fxe5 dxe5 23. cxb5 Rcxb5 24. Rxb5 Rxb5 25. d4 Bg5 26. Qd3 Rb3 27. Bc3 Nd5
28. Bxd5 Bxd5 29. Kf2 exd4 30. Qxd4 Qxd4 31. Bxd4 Rb7 32. h4 Be7 33. Rc8+ Kf7
34. Nf4 Be4 35. Rh8 g5 36. Rxh7+ Ke8 37. hxg5 Bxg5 38. Rh8+ Kd7 39. Rh7+ Ke8
40. Rxb7 Bxb7 41. Ne6 Bh6 42. Be5 Ke7 43. Nd4 Be4 44. Bf4 Bg7 45. Ne2 Ke6 46.
Ng1 Bf6 47. Nh3 Bb7 48. Bb8 Be4 49. Ke2 Kf7 50. Ba7 Bd8 51. Bd4 Kg6 52. Nf4+
Kf7 53. Kf2 Bc7 54. Ne2 Kg6 55. Bc5 Kg5 56. Be7+ Kg4 57. Bh4 Be5 58. Nc1 Bc2
59. Ne2 Be4 60. Nd4 Bxd4 61. exd4 f4 62. gxf4 Kxf4 63. Bg3+ Kf5 64. Ke3 Bd5
1/2-1/2

[Event "4NCL Division 4 South"]
[Site "Reading, ENG"]
[Date "2017.03.19"]
[Round "8.15"]
[White "De Vogelaere, Robin"]
[Black "Orgler, Philipp"]
[Result "1/2-1/2"]
[WhiteElo "1962"]
[BlackElo "2110"]
[PlyCount "83"]
[EventDate "2017.03.19"]
[WhiteTeam "Oxford 2"]
[BlackTeam "Barnet Knights 1"]

1. c4 Nc6 2. d4 d5 3. cxd5 Qxd5 4. Nf3 e5 5. dxe5 Qxd1+ 6. Kxd1 Bg4 7. Bf4 Nge7
8. Nbd2 h6 9. h3 Bxf3 10. Nxf3 g5 11. Bh2 Bg7 12. Kc2 O-O-O 13. Rc1 Ng6 14. e3
Ngxe5 15. Be2 f5 16. Kb1 Nd3 17. Rc2 Ndb4 18. Rc4 Rhf8 19. Rhc1 Nd5 20. Rc5 f4
21. exf4 Nxf4 22. Bxf4 Rxf4 23. Bb5 Rb4 24. b3 Bf8 25. a3 Rxb3+ 26. Ka2 Bxc5
27. Kxb3 Nd4+ 28. Nxd4 Bxd4 29. Rc2 c5 30. a4 a6 31. Bc4 Re8 32. Re2 Rxe2 33.
Bxe2 Bxf2 34. Kc4 Kc7 35. Bf3 Kb6 36. Be4 h5 37. Bf3 h4 38. Be4 Kc7 39. Bf3 Bg1
40. Be4 Bd4 41. Bf3 Bg1 42. Be4 1/2-1/2

[Event "4NCL Division 4 South"]
[Site "Reading, ENG"]
[Date "2017.03.19"]
[Round "8.16"]
[White "Pollack, Oscar"]
[Black "Burrows, Nick"]
[Result "1/2-1/2"]
[WhiteElo "2042"]
[BlackElo "1881"]
[PlyCount "138"]
[EventDate "2017.03.19"]
[WhiteTeam "Barnet Knights 1"]
[BlackTeam "Oxford 2"]

1. d4 d5 2. Nc3 Nf6 3. Bg5 Nbd7 4. Nf3 e6 5. a3 c5 6. e3 Be7 7. Be2 O-O 8. O-O
a6 9. Ne5 Nxe5 10. dxe5 Nd7 11. Bxe7 Qxe7 12. f4 b5 13. Bf3 Bb7 14. Kh1 Rfd8
15. Qe1 Nb6 16. b3 b4 17. axb4 cxb4 18. Ne2 a5 19. Nd4 a4 20. bxa4 Nxa4 21. Qg3
Nb2 22. f5 Rxa1 23. Rxa1 exf5 24. Nxf5 Qf8 25. h3 Ra8 26. Rxa8 Bxa8 27. Qg5 Nc4
28. Bh5 Kh8 29. Qf4 Kg8 30. Qg5 Kh8 31. Nd4 h6 32. Qf5 Kg8 33. e6 fxe6 34.
Qxe6+ Kh8 35. Nf5 d4 36. exd4 Bb7 37. Bf7 Nd2 38. Qe8 Qxe8 39. Bxe8 Nc4 40. Bf7
Na3 41. Bb3 Be4 42. Ne3 Nb5 43. d5 Kg8 44. Kh2 Kf7 45. Kg3 g5 46. d6+ Kf8 47.
d7 Ke7 48. Ng4 Nd4 49. Nxh6 Bxc2 50. Nf7 Kxd7 51. Bxc2 Nxc2 52. Nxg5 b3 53. Ne4
b2 54. Nd2 Ke6 55. Nb1 Kf5 56. Kf2 Nb4 57. Kf3 Kg5 58. g3 Nd3 59. Ke3 Ne5 60.
Ke4 Ng4 61. Kf3 Ne5+ 62. Ke3 Kf5 63. Kf2 Nd3+ 64. Kg2 Ne1+ 65. Kf2 Nd3+ 66. Ke3
Ne5 67. Ke2 Ke4 68. h4 Kf5 69. Ke3 Kg4 1/2-1/2

[Event "4NCL Division 4 South"]
[Site "Reading, ENG"]
[Date "2017.03.18"]
[Round "7.61"]
[White "Smith, Graham"]
[Black "Neatherway, A Philip"]
[Result "1/2-1/2"]
[WhiteElo "2004"]
[BlackElo "1860"]
[PlyCount "73"]
[EventDate "2017.03.18"]
[WhiteTeam "MK Phoenix 2"]
[BlackTeam "Oxford 3"]

1. e4 e5 2. Nf3 Nc6 3. Bb5 a6 4. Bxc6 dxc6 5. Nc3 f6 6. d4 exd4 7. Qxd4 Qxd4 8.
Nxd4 Bd7 9. Be3 O-O-O 10. f3 Bd6 11. Kf2 Ne7 12. g3 c5 13. Nde2 Bc6 14. Rhd1
Ng6 15. Nd5 Ne5 16. b3 c4 17. Nd4 Bd7 18. Nf5 Bxf5 19. exf5 g6 20. Nxf6 gxf5
21. f4 Ng4+ 22. Nxg4 fxg4 23. bxc4 Rhe8 24. Rd5 Re4 25. c5 Bf8 26. Rad1 Rxd5
27. Rxd5 Rc4 28. Ke2 Rxc2+ 29. Rd2 Rc4 30. Kd3 Ra4 31. Bd4 Kd7 32. Re2 Kc6 33.
Re8 Bxc5 34. Bxc5 Kxc5 35. Re7 Kd6 36. Rxh7 Rxa2 37. Rh6+ 1/2-1/2

[Event "4NCL Division 4 South"]
[Site "Reading, ENG"]
[Date "2017.03.18"]
[Round "7.62"]
[White "Foster, Timothy"]
[Black "Elwin, Adrian G"]
[Result "0-1"]
[WhiteElo "1872"]
[BlackElo "2001"]
[PlyCount "72"]
[EventDate "2017.03.18"]
[WhiteTeam "Oxford 3"]
[BlackTeam "MK Phoenix 2"]

1. Nf3 Nf6 2. c4 d6 3. g3 g6 4. Bg2 Bg7 5. O-O O-O 6. Nc3 c6 7. Rb1 Bf5 8. d3
Qc8 9. Re1 h6 10. b4 Bh3 11. Bh1 Ng4 12. Qb3 Nd7 13. Bb2 Ndf6 14. Bg2 Bxg2 15.
Kxg2 h5 16. h3 Nxf2 17. Kxf2 Qxh3 18. Rg1 e5 19. e4 Kh8 20. Ke2 Ng4 21. Qd1 Nh2
22. Nxh2 Qxh2+ 23. Kf1 f5 24. Ne2 fxe4+ 25. Ke1 e3 26. Qc1 Rf2 27. Qxe3 Rxe2+
28. Qxe2 Qxg1+ 29. Qf1 Qxg3+ 30. Kd2 Rf8 31. Qd1 Rf2+ 32. Kc3 e4+ 33. Kb3 Bxb2
34. Rxb2 Qxd3+ 35. Qxd3 Rxb2+ 36. Kxb2 exd3 0-1

[Event "4NCL Division 4 South"]
[Site "Reading, ENG"]
[Date "2017.03.18"]
[Round "7.63"]
[White "Lambourne, Dan M"]
[Black "Rowan, Daniel"]
[Result "1-0"]
[WhiteElo "1985"]
[BlackElo "1834"]
[PlyCount "107"]
[EventDate "2017.03.18"]
[WhiteTeam "MK Phoenix 2"]
[BlackTeam "Oxford 3"]

1. Nf3 d5 2. d4 c5 3. e3 Nf6 4. Be2 e6 5. O-O Be7 6. c4 a6 7. dxc5 Bxc5 8. Nc3
O-O 9. b3 dxc4 10. bxc4 Nc6 11. Bb2 Qc7 12. Na4 Be7 13. Qb3 Bd7 14. Rad1 Rad8
15. Qc2 Nb4 16. Qb3 Nc6 17. Qb6 Qxb6 18. Nxb6 Nb8 19. Be5 Bc6 20. Nd4 Nfd7 21.
Nxc6 bxc6 22. Bc7 Nxb6 23. Bxb6 Rd7 24. c5 Bd8 25. Rxd7 Nxd7 26. Bxa6 Nxb6 27.
cxb6 Bxb6 28. Rb1 Rb8 29. Rc1 c5 30. a4 Kf8 31. Kf1 Ke7 32. Ke2 Kd6 33. Bb5 Kc7
34. Rd1 Rd8 35. Rxd8 Kxd8 36. Kd3 Ba5 37. Kc4 Bb4 38. e4 Ke7 39. f3 Kd6 40. Kd3
Ba5 41. f4 e5 42. f5 g6 43. g4 g5 44. Bc4 f6 45. Bb5 h6 46. Kc4 Bb4 47. Be8 Kc7
48. Kb5 Kb7 49. Bf7 Ka7 50. a5 Kb7 51. a6+ Ka7 52. Bc4 Ba3 53. Kc6 Bb4 54. Kd6
1-0

[Event "4NCL Division 4 South"]
[Site "Reading, ENG"]
[Date "2017.03.18"]
[Round "7.64"]
[White "Cole, Graham"]
[Black "Brown, Alan M"]
[Result "1/2-1/2"]
[WhiteElo "1850"]
[BlackElo "1964"]
[PlyCount "72"]
[EventDate "2017.03.18"]
[WhiteTeam "Oxford 3"]
[BlackTeam "MK Phoenix 2"]

1. e4 e6 2. d4 d5 3. Nc3 Bb4 4. e5 b6 5. Qg4 Bf8 6. f4 Ba6 7. Bxa6 Nxa6 8. Qe2
Nb8 9. Nf3 Nh6 10. O-O Be7 11. h3 Nf5 12. Qf2 h5 13. g3 c5 14. Ne2 Nc6 15. Be3
c4 16. c3 Qd7 17. Kh2 Na5 18. Rfb1 Qc7 19. Bd2 O-O-O 20. Ng5 Rdf8 21. Ng1 Qd7
22. Ne2 Bd8 23. Nf3 Rfg8 24. b4 Nc6 25. a4 f6 26. Rg1 Qe8 27. Be3 g5 28. exf6
g4 29. Ne5 Bxf6 30. h4 Rf8 31. Nxc6 Qxc6 32. b5 Qc7 33. Bc1 Nd6 34. Qe3 Ne4 35.
Kg2 Re8 36. Ba3 Bd8 1/2-1/2

[Event "4NCL Division 4 South"]
[Site "Reading, ENG"]
[Date "2017.03.18"]
[Round "7.65"]
[White "Matthews, Adrian M S"]
[Black "Gentry, Alan E"]
[Result "1/2-1/2"]
[WhiteElo "1863"]
[BlackElo "1744"]
[PlyCount "48"]
[EventDate "2017.03.18"]
[WhiteTeam "MK Phoenix 2"]
[BlackTeam "Oxford 3"]

1. e4 c5 2. Nf3 d6 3. Bc4 Nf6 4. d3 e6 5. O-O Be7 6. Nc3 Nc6 7. Ne2 O-O 8. c3
d5 9. exd5 exd5 10. Bb5 Bg4 11. Ne1 Re8 12. f3 Bd7 13. Bf4 a6 14. Bxc6 Bxc6 15.
Ng3 Bd6 16. Qd2 Qc7 17. Bxd6 Qxd6 18. Nc2 d4 19. c4 Re5 20. Rae1 Rae8 21. Qf4
Qe6 22. Rxe5 Qxe5 23. Qxe5 Rxe5 24. Ne4 Nxe4 1/2-1/2

[Event "4NCL Division 4 South"]
[Site "Reading, ENG"]
[Date "2017.03.18"]
[Round "7.66"]
[White "Lim, Wei Xinq Sean"]
[Black "Whiteside, Robert"]
[Result "0-1"]
[WhiteElo "1757"]
[BlackElo "1807"]
[PlyCount "58"]
[EventDate "2017.03.18"]
[WhiteTeam "Oxford 3"]
[BlackTeam "MK Phoenix 2"]

1. e4 e6 2. Nf3 c5 3. d4 cxd4 4. Nxd4 Nc6 5. Nb5 d6 6. c4 Nf6 7. N1c3 a6 8. Na3
Qb6 9. Bd3 Be7 10. O-O O-O 11. Nc2 Qc7 12. Be3 Ne5 13. b3 b5 14. Qe2 Bb7 15.
Bf4 bxc4 16. bxc4 Nxd3 17. Qxd3 Rfc8 18. Ne3 Nh5 19. Bg3 Nxg3 20. hxg3 Bf6 21.
Rac1 Rab8 22. Rfd1 Qa5 23. Rd2 Bg5 24. f4 Bf6 25. Ne2 Bxe4 26. Qxe4 Qxd2 27.
Kf2 Rb2 28. Rc2 Rxc2 29. Nxc2 d5 0-1

[Event "4NCL Division 4 South"]
[Site "Reading, ENG"]
[Date "2017.03.19"]
[Round "8.71"]
[White "Terry, Sean"]
[Black "Gregory, Stephen J"]
[Result "1-0"]
[WhiteElo "1905"]
[BlackElo "2095"]
[PlyCount "97"]
[EventDate "2017.03.19"]
[WhiteTeam "Oxford 3"]
[BlackTeam "Anglian Avengers 3"]

1. e4 d6 2. Nc3 g6 3. f4 Bg7 4. Nf3 c5 5. d3 Nc6 6. Be3 e6 7. Qd2 Nge7 8. Be2
O-O 9. Nd1 b6 10. c3 d5 11. O-O Bb7 12. Qc2 dxe4 13. dxe4 Rc8 14. Nf2 Qc7 15.
Rad1 h6 16. g4 Rcd8 17. Nh4 f5 18. Bc4 Rxd1 19. Bxe6+ Kh7 20. Rxd1 fxe4 21. Rd7
Qb8 22. Qxe4 Bc8 23. Rd1 Bxe6 24. Qxe6 Rf6 25. Qe4 Qg8 26. b3 Re6 27. Qf3 Bf6
28. Ng2 Qg7 29. Bd2 Qf7 30. Ne4 Bg7 31. Be1 Kg8 32. Bg3 Ne5 33. Rd8+ Kh7 34.
Qd1 Nxg4 35. Nd6 Qf6 36. Ne8 Qf5 37. Nxg7 Kxg7 38. Nh4 Qh5 39. Qd7 Re2 40. Qe8
Kf6 41. f5 Nxh2 42. fxg6 Qg4 43. Qf7+ Kg5 44. Rd3 Qe4 45. Nf3+ Nxf3+ 46. Rxf3
Nxg6 47. Bf2 Qe6 48. Rg3+ Kh5 49. Qf3+ 1-0

[Event "4NCL Division 4 South"]
[Site "Reading, ENG"]
[Date "2017.03.19"]
[Round "8.72"]
[White "Cocks, Elliot"]
[Black "Cole, Graham"]
[Result "1-0"]
[WhiteElo "1990"]
[BlackElo "1850"]
[PlyCount "80"]
[EventDate "2017.03.19"]
[WhiteTeam "Anglian Avengers 3"]
[BlackTeam "Oxford 3"]

1. d4 Nf6 2. c4 g6 3. Nc3 Bg7 4. e4 d6 5. Be2 O-O 6. Nf3 e5 7. O-O Nc6 8. d5
Ne7 9. Ne1 Nd7 10. Be3 f5 11. f3 f4 12. Bf2 g5 13. Rc1 Rf6 14. Nd3 Rh6 15. c5
Qe8 16. Nb5 Qh5 17. h4 Ng6 18. g4 fxg3 19. Bxg3 Nf4 20. Nxc7 Rb8 21. cxd6 gxh4
22. Bxf4 exf4 23. Ne6 Nf8 24. Ndxf4 Qe5 25. Rf2 Nxe6 26. Nxe6 Rg6+ 27. Kh1 Qxd6
28. Nxg7 Rxg7 29. Qd4 Qf4 30. Rg1 Rxg1+ 31. Kxg1 h3 32. Bc4 b5 33. Bb3 Qc1+ 34.
Qd1 Qg5+ 35. Kh1 Kf8 36. Qe1 Bd7 37. Qb4+ Kg7 38. Qd6 Rd8 39. Kh2 Bc8 40. Qg3
h6 1-0

[Event "4NCL Division 4 South"]
[Site "Reading, ENG"]
[Date "2017.03.19"]
[Round "8.73"]
[White "Neatherway, A Philip"]
[Black "Lunn, Timothy"]
[Result "0-1"]
[WhiteElo "1860"]
[BlackElo "1937"]
[PlyCount "73"]
[EventDate "2017.03.19"]
[WhiteTeam "Oxford 3"]
[BlackTeam "Anglian Avengers 3"]

1. e4 c5 2. Nf3 d6 3. d4 cxd4 4. Nxd4 Nf6 5. Nc3 a6 6. h3 e5 7. Nde2 Be7 8. g4
h6 9. Bg2 Be6 10. Be3 Nbd7 11. O-O Qc7 12. Nd5 Bxd5 13. exd5 Rc8 14. Rc1 b5 15.
Ng3 g6 16. Qd2 h5 17. g5 Nh7 18. Ne4 O-O 19. h4 Qb7 20. Rfd1 Rfd8 21. b3 Bf8
22. c4 bxc4 23. bxc4 Rb8 24. c5 dxc5 25. Nxc5 Nxc5 26. Bxc5 Bxc5 27. Rxc5 Nf8
28. d6 Qb2 29. Rc2 Qb4 30. Qd5 Qxh4 31. Qxe5 Ne6 32. d7 Qg4 33. Rcd2 Nxg5 34.
Rd3 Nh3+ 35. Kf1 Nf4 36. Qxb8 Qxg2+ 37. Ke1 0-1

[Event "4NCL Division 4 South"]
[Site "Reading, ENG"]
[Date "2017.03.19"]
[Round "8.74"]
[White "Hall, Antony C"]
[Black "Bush, Ian"]
[Result "1/2-1/2"]
[WhiteElo "1900"]
[BlackElo "1855"]
[PlyCount "82"]
[EventDate "2017.03.19"]
[WhiteTeam "Anglian Avengers 3"]
[BlackTeam "Oxford 3"]

1. e4 d6 2. d4 Nf6 3. Nc3 g6 4. Nf3 Bg7 5. Be2 O-O 6. O-O a6 7. h3 b5 8. a3 Bb7
9. Bd3 Nbd7 10. Re1 e5 11. d5 h6 12. Be3 Ne8 13. g4 Nc5 14. Qd2 {(=)} f5 15.
Bxc5 dxc5 16. exf5 b4 17. axb4 cxb4 18. Ne4 gxf5 19. gxf5 Rxf5 20. Nh2 Qxd5 21.
Qxb4 Nd6 22. f3 Rf4 23. Qb3 Qxb3 24. cxb3 Rb8 25. Kg2 Bxe4 26. Bxe4 Nxe4 27.
Rxe4 Rxb3 28. Rxa6 Rxb2+ 29. Kg3 Rxe4 30. fxe4 Re2 31. Ra4 h5 32. Nf3 Bf6 33.
Ng1 h4+ 34. Kf3 Re1 35. Kf2 Rc1 36. Ne2 Rh1 37. Kg2 Rb1 38. Rc4 Rb7 39. Nc3 Kf7
40. Nd5 Rb2+ 41. Kf3 Rb3+ 1/2-1/2

[Event "4NCL Division 4 South"]
[Site "Reading, ENG"]
[Date "2017.03.19"]
[Round "8.75"]
[White "Langham, Rod E"]
[Black "Sheerin, Alex"]
[Result "1/2-1/2"]
[WhiteElo "1713"]
[BlackElo "1855"]
[PlyCount "51"]
[EventDate "2017.03.19"]
[WhiteTeam "Oxford 3"]
[BlackTeam "Anglian Avengers 3"]

1. d4 Nf6 2. Bf4 g6 3. e3 Bg7 4. Be2 O-O 5. Nf3 d6 6. h3 b6 7. O-O Bb7 8. Nbd2
Nbd7 9. c3 c5 10. Rc1 Re8 11. Qb3 Rc8 12. Bc4 d5 13. Be2 c4 14. Qc2 b5 15. a3
a5 16. Ra1 Qb6 17. Ne5 {(=)} Nxe5 18. Bxe5 Nd7 19. Bxg7 Kxg7 20. Bf3 e5 21.
dxe5 Nxe5 22. Be2 Rcd8 23. Nf3 Bc8 24. Nd4 Nc6 25. Rfe1 Nxd4 26. exd4 1/2-1/2

[Event "4NCL Division 4 South"]
[Site "Reading, ENG"]
[Date "2017.03.19"]
[Round "8.76"]
[White "Woodcock, Keith D"]
[Black "Willis, Graham"]
[Result "1/2-1/2"]
[WhiteElo "1690"]
[BlackElo "1682"]
[PlyCount "40"]
[EventDate "2017.03.19"]
[WhiteTeam "Anglian Avengers 3"]
[BlackTeam "Oxford 3"]

1. d4 d6 2. Nc3 Nf6 3. e4 c6 4. f4 Qa5 5. Bd3 e5 6. fxe5 dxe5 7. dxe5 Ng4 8.
Nf3 Nxe5 9. Nxe5 Qxe5 10. O-O Bc5+ 11. Kh1 O-O 12. Bf4 Qe7 13. Qh5 g6 14. Qh6
Bd4 15. e5 Bxe5 16. Bxe5 Qxe5 17. Rae1 Qg7 18. Qf4 Be6 19. Ne4 Nd7 20. b3 Rab8
1/2-1/2